| Tag |
First Indicator |
Second Indicator |
Subfields |
| LEADER |
00000cam a22000001 4500 |
| 001 |
in00000052996 |
| 005 |
20151007080359.0 |
| 008 |
740813s1966 ne b 00010 eng |
| 010 |
|
|
|a 67000854
|
| 035 |
|
|
|a (OCoLC)00372341
|
| 035 |
|
|
|9 AAF4715AM
|
| 040 |
|
|
|a DLC
|c DLC
|d TXA
|d UtOrBLW
|
| 049 |
|
|
|a TXAM
|c [474594]
|
| 050 |
0 |
0 |
|a B945.P44
|b F5
|
| 082 |
0 |
|
|a 144.3
|
| 092 |
|
|
|a 144.3
|b P3783f
|
| 100 |
1 |
|
|a Fitzgerald, John Joseph,
|d 1928-
|
| 245 |
1 |
0 |
|a Peirce's theory of signs as foundation for pragmatism /
|c by John J. Fitzgerald.
|
| 264 |
|
1 |
|a The Hague :
|b Mouton,
|c 1966.
|
| 300 |
|
|
|a 182 pages ;
|c 21 cm.
|
| 336 |
|
|
|a text
|b txt
|2 rdacontent
|
| 337 |
|
|
|a unmediated
|b n
|2 rdamedia
|
| 338 |
|
|
|a volume
|b nc
|2 rdacarrier
|
| 490 |
0 |
|
|a Studies in philosophy, 11
|
| 504 |
|
|
|a Bibliography: pages 177-180.
|
| 600 |
1 |
0 |
|a Peirce, Charles S.
|q (Charles Sanders),
|d 1839-1914.
|
| 650 |
|
0 |
|a Signs and symbols.
|
| 650 |
|
0 |
|a Pragmatism.
|
| 999 |
|
|
|a MARS
|
| 999 |
f |
f |
|s 01e09ece-7745-38dd-bee3-c0497592e217
|i 0028a162-ec14-31c5-bdf8-cea0404b8383
|t 0
|
| 952 |
f |
f |
|p ric
|a Texas A&M University
|b Rellis Campus
|c Joint Library Facility
|d Remote Storage
|t 0
|e B945.P44 F5
|h Library of Congress classification
|i unmediated -- volume
|m A14800518830
|
| 998 |
f |
f |
|a B945.P44 F5
|t 0
|l Remote Storage
|